|
|
|
|
| LEADER |
00000nab a2200000 a 4500 |
| 001 |
vtls008888798 |
| 003 |
SK-MaSNL |
| 005 |
20260304144910.0 |
| 008 |
250505c2006 xo |||||||||||000 b|slo |
| 015 |
|
|
|a SNBRB2006/12
|2 snkbucl
|
| 035 |
|
|
|a (uuid)6ffa14b8-0cf0-42a3-9fe2-4c816060bce1
|
| 035 |
|
|
|a urn:nbn:sk:snk-abyx0
|
| 035 |
|
|
|a (urnnbn)urn:nbn:sk:snk:ar-a03ta1
|
| 038 |
|
|
|a SNKBUCL
|
| 040 |
|
|
|a SNKBUCL
|b slo
|c SNKBUCL
|e AACR2
|
| 041 |
0 |
|
|a slo
|
| 044 |
|
|
|a xo
|c SK
|
| 080 |
|
|
|a 637.5.04/.05
|2 1997
|
| 080 |
|
|
|a 613.28
|2 1997
|
| 080 |
|
|
|a 614.31
|2 1997
|
| 080 |
|
|
|a 366.64:663/664
|2 1997
|
| 100 |
1 |
|
|a Sabolová, Gabriela,
|d 1953-
|4 aut
|9 85161
|
| 245 |
1 |
0 |
|a Sójové bielkovinové deriváty v mäsových výrobkoch
|c G. Sabolová, K. Fašiangová
|
| 300 |
|
|
|b Tab.
|
| 650 |
0 |
7 |
|a mäsové výrobky
|2 snkbucl
|9 69141
|
| 650 |
0 |
7 |
|a sója
|2 snkbucl
|9 19446
|
| 650 |
0 |
7 |
|a bielkoviny
|2 snkbucl
|9 17038
|
| 650 |
0 |
7 |
|a kontrola potravín
|2 snkbucl
|9 19238
|
| 650 |
0 |
7 |
|a označovanie potravín
|2 snkbucl
|9 19441
|
| 700 |
1 |
|
|a Fašiangová, Katarína
|4 aut
|9 819949
|
| 773 |
0 |
|
|t Slovenský veterinársky časopis = Slovak veterinary journal
|g Roč. XXXI, č. 4 (2006), s. 215-217
|x 1335-0099
|
| 850 |
|
|
|a Slovenská národná knižnica
|
| 852 |
|
|
|a Slovenská národná knižnica
|
| 954 |
|
|
|a odborná, vedecká literatúra pôvodná (slovenská)
|2 lita
|
| 958 |
|
|
|a article27
|
| 958 |
|
|
|a MI
|
| 958 |
|
|
|a OND
|
| 958 |
|
|
|a EUIPO
|
| 999 |
|
|
|c 2933835
|d 2935765
|